000 00375cam a2200169 4500
001 D12547
008 090401t1905 xxu||||| |||| 00| 0 eng d
035 _a(Sirsi) u4116
041 _aeng
100 _aCurtis, Charles E.
245 _aElementary Forestry Estates
260 _bGazette
_c1905
350 _a0
520 _aShelf 114
942 _n0
948 _c04/03/1997
999 _c85995
_d85995